000 01056nmm a2200289 a 4500
001 ocm000579570
003 TR-IsHL
005 20201028120214.0
008 130625s2007 tu tur
007 cr cn
020 _a9789944997379
035 _a579570
_b(N$T)
050 0 4 _aBP189.7.M4
_bM48 2007
090 0 4 _aBP189.7.M4
_bM48 2007
245 1 0 _aMevlana'nın dayanılmaz davetine katılmak, (Hammer, Rückert, Schimmel'in alımlamasıyla Mevlana) =
_bTeilnahme an die unwiderstehliche Einladung von Mevlana
_h[electronic resource] /
_chaz. Hasan Akay, İlyas Öztürk
250 _a1. bs.
260 _aİstanbul :
_b3F Yayınevi,
_c2007
300 _a204 p.
650 4 _aDil ve Edebiyat
650 4 _aLanguage and Literature
650 0 _aMevlana Celaleddin Rumi, 1207-1273
650 0 _aJalal al-Din Rumi, Maulana, 1207-1273
650 7 _aRELIGION / Philosophy
_2bisacsh
700 1 _aAkay, Hasan
700 1 _aÖztürk, İlyas
856 4 0 _uhttp://search.ebscohost.com/login.aspx?direct=true&scope=site&db=e011xww&AN=579570
999 _c660
_d660